000 01157cam a22001934a 4500
005 20250605164404.0
008 250528s ||||||||||||||||||||||||d
035 _a24741
020 _a9789602186671
040 _aGR-AtMCL
_bgre
_dGR-AtMCL
_eAACR2
245 1 _aΤα Πρώτα Βήματα στην Έρευνα / Ένας Χρηστικός Οδηγός για Νέους Ερευνητές
260 _bΚριτική,
_c2010
300 _a368
520 _aΗ Ενασχόληση με την Έρευνα, Η Προετοιμασία Ενός Ερευνητή, Διεκδικώντας μια Σταδιοδρομία στην Έρευνα, Ξεκινώντας μια Σταδιοδρομία στην Έρευνα, Οργάνωση μιας Έρευνας, Διεξαγωγή μιας Έρευνας, η Ενασχόληση με την Έρευνα, η Ερευνητική Δραστηριότητα, Η Δημοσιοποίηση της Έρευνας, Η Διάδοση της Έρευνας, Βιβλιογραφία.
700 1 _aΛατινόπουλος Περικλής
_93884
942 _cBK
999 _c9597
_d9597